Countries That Fought USA - Sudden Death - Statistics

General Stats
  • This quiz has been taken 53 times
  • The average score is 5 of 10
Answers on the Grid
Answers color-coded by a green-red scale on the quiz's grid according to % correct below.
Abyssinia
Albania
Austria-Hungary
Belgium
Brazil
Canada
China
Democratic Republic of the Congo
Han Dynasty China
India
Iraq
Israel
Japanese Empire
Kazakhstan
Kuwait
Mexico
Nazi Germany
North Korea
Ottoman Empire
Paraguay
Portugal
Qin Dynasty China
Siam
South Korea
South Sudan
Spain
Sri Lanka
United Kingdom
United Socialist Soviet Republics
United States of America
 
Answer Stats
Answer % Correct
Japanese Empire
68%
Nazi Germany
62%
Iraq
59%
Austria-Hungary
57%
United Kingdom
57%
Mexico
46%
Spain
43%
North Korea
41%
Ottoman Empire
24%
United States of America
24%
No matching quizzes found
Score Distribution
Percent of People with Each Score
Percentile by Number Answered
Your Score History
You have not taken this quiz